000 00559 a2200181 4500
020 _a978-3-944152-14-1
082 _aDRM 363.3493/GUP-t/N
100 _aGupta, Anil K. & others
245 _aTrainning module Flood disaster management : Gorakhpur case study
260 _aNew Delhi
_bNIDM,
_c2013
300 _avii, 101p.
504 _aIncluded Bibliography
650 _aFlood
650 _aCommunity Level Disaster Risk Reduction Intervention
650 _aCost Benefit Analysis for DRR Measures
653 _aDisaster Management
942 _2ddc
_cGEN
999 _c71785
_d71774